Quick Pick: Miscellaneous Slices Quiz Stats

 Plays Quiz Updated Mar 23, 2016

Challenge
Share
Tweet
Score 0/10 Timer 00:30
0 Plays Today
% Correct
Mi
73.4%
Mis
71.9%
Misc
70.6%
Miscellaneo
69.7%
Miscellane
65.9%
Miscell
64.9%
Miscellan
64.5%
Misce
63.3%
Miscel
62.4%
Miscella
61.9%

Today's Daily Dose

You're not logged in!

Compare scores with friends on all Sporcle quizzes.
OR
Log In

You Might Also Like...

Show Comments

Extras

Top Quizzes Today


Score Distribution

Your Account Isn't Verified!

In order to create a playlist on Sporcle, you need to verify the email address you used during registration. Go to your Sporcle Settings to finish the process.

Report this User

Report this user for behavior that violates our Community Guidelines.

Details: